| 000 | 00748cam a2200265 4500 | ||
|---|---|---|---|
| 008 | 090401t1996 xxu||||| |||| 00| 0 eng d | ||
| 020 | _a1857881702 | ||
| 035 | _a(Sirsi) u61725 | ||
| 041 | _aeng | ||
| 050 | _a658.3124 | ||
| 100 | _aWhitmore, John | ||
| 245 | _aCoaching for performance. | ||
| 250 | _a2nd ed. | ||
| 260 |
_aLondon _bIndustrial Society _c1996 |
||
| 300 | _aviii,158p. ; 23cm. | ||
| 350 | _a9.99 | ||
| 520 | _aPublished in association with Nicholas Brealey Publishing. | ||
| 650 | _aMOTIVATION | ||
| 650 | _aPERSONNEL MANAGEMENT | ||
| 650 | _aSTAFF PERFORMANCE | ||
| 650 | _aCAREERS, EDUCATION AND TRAINING | ||
| 690 | _aMANAGEMENT-BUSINESS MANAGEMENT-PROFESSIONAL PRACTICE | ||
| 942 | _n0 | ||
| 948 | _c04/03/1997 | ||
| 999 |
_c94343 _d94343 |
||